Normal view
MARC view
- الربعي، محمد بن عبد العزيز مؤلف/عبد الحميد، عبد الحميد صبري م.مشارك
Entry Personal Name
001 - CONTROL NUMBER
- control field: 43039
003 - CONTROL NUMBER IDENTIFIER
- control field: JO-AjAnu
005 - DATE AND TIME OF LATEST TRANSACTION
- control field: 20230606081133.0
008 - FIXED-LENGTH DATA ELEMENTS
- fixed length control field: 230606|| aca||aabn | a|a d
040 ## - CATALOGING SOURCE
- Original cataloging agency: JO-AjAnu
- Transcribing agency: JO-AjAnu
100 ## - HEADING--PERSONAL NAME
- Personal name: الربعي، محمد بن عبد العزيز مؤلف/عبد الحميد، عبد الحميد صبري م.مشارك
670 ## - SOURCE DATA FOUND
- Source citation: Work cat.: (JO-AjAnu)22042: الربعي، محمد بن عبد العزيز مؤلف/عبد الحميد، عبد الحميد صبري م.مشارك, author, مناهج و إستراتيجيات تدريس ذوي الإحتياجات الخاصة : أسس نظرية ونماذج تطبيقية في اللغة العربية والدراسات الإجتماعية